Medical microbiology / (Record no. 21732)
[ view plain ]
| 000 -LEADER | |
|---|---|
| fixed length control field | 00971cam a22003015a 4500 |
| 001 - CONTROL NUMBER | |
| control field | 18733641 |
| 005 - DATE AND TIME OF LATEST TRANSACTION | |
| control field | 20161213114246.0 |
| 008 - FIXED-LENGTH DATA ELEMENTS--GENERAL INFORMATION | |
| fixed length control field | 150806t2016 paua frb 001 0 eng d |
| 020 ## - INTERNATIONAL STANDARD BOOK NUMBER | |
| International Standard Book Number | 9780323299565 |
| 040 ## - CATALOGING SOURCE | |
| Original cataloging agency | DNLM/DLC |
| Transcribing agency | DLC |
| Language of cataloging | eng |
| Modifying agency | EG-ScBUE |
| -- | EG-ScBUE |
| 082 04 - DEWEY DECIMAL CLASSIFICATION NUMBER | |
| Classification number | 616.9041 |
| Edition number | 22 |
| Item number | MUR |
| 100 1# - MAIN ENTRY--PERSONAL NAME | |
| Personal name | Murray, Patrick R. |
| 9 (RLIN) | 39964 |
| 245 10 - TITLE STATEMENT | |
| Title | Medical microbiology / |
| Statement of responsibility, etc | Patrick R. Murray, Ken S. Rosenthal, Michael A. Pfaller. |
| 250 ## - EDITION STATEMENT | |
| Edition statement | 8th ed. |
| 260 ## - PUBLICATION, DISTRIBUTION, ETC. (IMPRINT) | |
| Place of publication, distribution, etc | Philadelphia : |
| Name of publisher, distributor, etc | Elsevier, |
| Date of publication, distribution, etc | c.2016. |
| 300 ## - PHYSICAL DESCRIPTION | |
| Extent | x, 836 p. : |
| Dimensions | ill. ; |
| Other physical details | 28 cm. |
| 500 ## - GENERAL NOTE | |
| General note | Index : p. 806-836. |
| 500 ## - GENERAL NOTE | |
| General note | Study smart with student consult. |
| 504 ## - BIBLIOGRAPHY, ETC. NOTE | |
| Bibliography, etc | Includes bibliographical references. |
| 650 #7 - SUBJECT ADDED ENTRY--TOPICAL TERM | |
| Topical term or geographic name as entry element | Medical microbiology. |
| Source of heading or term | BUEsh |
| 9 (RLIN) | 12324 |
| 650 #7 - SUBJECT ADDED ENTRY--TOPICAL TERM | |
| Topical term or geographic name as entry element | Microbiology. |
| Source of heading or term | BUEsh |
| 9 (RLIN) | 23968 |
| 650 #7 - SUBJECT ADDED ENTRY--TOPICAL TERM | |
| Topical term or geographic name as entry element | Parasitology. |
| 9 (RLIN) | 39545 |
| Source of heading or term | BUEsh |
| 651 ## - SUBJECT ADDED ENTRY--GEOGRAPHIC NAME | |
| Source of heading or term | BUEsh |
| 653 ## - INDEX TERM--UNCONTROLLED | |
| Resource For college | Pharmacy |
| Arrived date list | May2016 |
| -- | December2016 |
| 700 1# - ADDED ENTRY--PERSONAL NAME | |
| Personal name | Rosenthal, Ken S. |
| 700 1# - ADDED ENTRY--PERSONAL NAME | |
| Personal name | Pfaller, Michael A. |
| 942 ## - ADDED ENTRY ELEMENTS (KOHA) | |
| Source of classification or shelving scheme | Dewey Decimal Classification |
| Withdrawn status | Item status | Source of classification or shelving scheme | Damaged status | Not for loan | Vendor | Home library | Current library | Shelving location | Date acquired | Source of acquisition | Cost, normal purchase price | Total Checkouts | Full call number | Barcode | Date last seen | Cost, replacement price | Koha item type | Total Renewals | Date last borrowed |
|---|---|---|---|---|---|---|---|---|---|---|---|---|---|---|---|---|---|---|---|
| Dewey Decimal Classification | Alahram | Central Library | Central Library | First floor | 11/05/2016 | Purchase | 699.00 | 616.9041 MUR | 000032472 | 15/07/2025 | 873.75 | Book - Borrowing | |||||||
| Dewey Decimal Classification | Alahram | Central Library | Central Library | First floor | 13/12/2016 | Purchase | 699.00 | 1 | 616.9041 MUR | 000040382 | 15/07/2025 | 873.25 | Book - Borrowing | 37 | 20/02/2022 |